|
|
|
|
| LEADER |
00000nam0a2200000 4500 |
| 001 |
682755 |
| 005 |
20251101095505.0 |
| 090 |
|
|
|a 682755
|
| 100 |
|
|
|a 20251101d1977 k||y0rusy50 ca
|
| 101 |
0 |
|
|a rus
|
| 102 |
|
|
|a RU
|
| 105 |
|
|
|a a z 001yy
|
| 181 |
|
0 |
|a i
|b e
|
| 182 |
|
0 |
|a n
|
| 183 |
|
0 |
|a nc
|2 RDAcarrier
|
| 200 |
1 |
|
|a Оборотное водоснабжение на обогатительных фабриках цветной металлургии
|f А. М. Белоусов, Г. С. Бергер
|
| 203 |
|
|
|a Текст
|b визуальный
|c непосредственный
|
| 210 |
|
|
|a Москва
|c Недра
|d 1977
|
| 215 |
|
|
|a 232 с.
|c ил.
|
| 283 |
|
|
|a volume
|2 RDAcarrier
|
| 320 |
|
|
|a Список литературы: с. 225-231
|
| 606 |
|
|
|a Водоснабжение промышленное оборотное
|x Промышленные предприятия
|9 31506
|
| 606 |
|
|
|a Обогатительные фабрики
|9 65566
|
| 610 |
1 |
|
|a цветная металлургия
|
| 610 |
1 |
|
|a примеси
|
| 610 |
1 |
|
|a флотация
|
| 610 |
1 |
|
|a промышленные воды
|
| 610 |
1 |
|
|a кондиционирование вод
|
| 610 |
1 |
|
|a редкие металлы
|
| 675 |
|
|
|a 658.265
|v 4
|
| 675 |
|
|
|a 622.7
|v 4
|
| 700 |
|
1 |
|a Белоусов
|b А. М.
|g Анатолий Матвеевич
|
| 701 |
|
1 |
|a Бергер
|b Г. С.
|g Геннадий Семенович
|
| 801 |
|
0 |
|a RU
|b 63413507
|c 20251101
|
| 830 |
|
|
|a Ретро2025Каталогизация Мотырева
|
| 850 |
|
|
|a 63413507
|
| 942 |
|
|
|c BK
|